[Event "Edmonton Fall-B"]
[Site "Edmonton"]
[Date "2016.10.29"]
[Round "3"]
[White "Briones, Dante"]
[Black "Zeggelaar, Mike"]
[Result "1-0"]
[WhiteElo "1970"]
[BlackElo "1940"]
[PlyCount "73"]
[EventDate "2016.10.29"]
[EventType "tourn"]
[EventRounds "5"]
[EventCountry "CAN"]
[SourceTitle "EXT 2019"]
[Source "ChessBase"]
[SourceDate "2018.10.10"]
[SourceVersion "1"]
[SourceVersionDate "2018.10.10"]
[SourceQuality "1"]

1. e4 c5 2. Nf3 d6 3. d4 cxd4 4. Nxd4 Nf6 5. Nc3 g6 6. f4 Nc6 7. Nxc6 bxc6 8. e5 dxe5 9. Qxd8+ Kxd8 10. fxe5 Nd5 11. Nxd5 cxd5 12. Bf4 Be6 13. 0-0-0 Kc7 14. Be2 Bg7 15. Bf3 Rad8 16. Rd3 Rd7 17. Rhd1 Rhd8 18. Rd4 Kb6 19. Rb4+ Kc5 20. c3 Kc6 21. c4 a6 22. Rd2 Kc5 23. a3 d4 24. Ra4 Kb6 25. c5+ Ka7 26. c6 Rc7 27. Raxd4 Rxd4 28. Rxd4 Bc8 29. Kd2 g5 30. Bg3 g4 31. Be4 h5 32. Rb4 Be6 33. Bf2+ Ka8 34. Bd4 Bh6+ 35. Ke1 Bg7 36. g3 f6 37. Bb6 1-0

[Event "Alberta O1800"]
[Site "Edmonton"]
[Date "2016.08.28"]
[Round "4"]
[White "Zeggelaar, Mike"]
[Black "Malek, Omid"]
[Result "1/2-1/2"]
[WhiteElo "1937"]
[BlackElo "2053"]
[PlyCount "88"]
[EventDate "2016.08.27"]
[EventType "swiss"]
[EventRounds "5"]
[EventCountry "CAN"]
[SourceTitle "EXT 2017"]
[Source "ChessBase"]
[SourceDate "2016.10.25"]
[SourceVersion "1"]
[SourceVersionDate "2016.10.25"]
[SourceQuality "1"]

1. d4 Nf6 2. Nf3 e6 3. e3 b6 4. Bd3 Bb7 5. 0-0 c5 6. c4 Be7 7. Nc3 0-0 8. a3 d6 9. Bc2 Nbd7 10. Qd3 h6 11. d5 exd5 12. Nxd5 Bxd5 13. cxd5 Ne5 14. Nxe5 dxe5 15. e4 Bd6 16. Qf3 b5 17. Qf5 Qd7 18. Qxd7 Nxd7 19. a4 a6 20. f3 c4 21. Be3 b4 22. Rac1 Rfc8 23. g3 Nc5 24. Bxc5 Bxc5+ 25. Kg2 b3 26. Bd1 Be3 27. Rb1 Rab8 28. Re1 Bd4 29. Re2 Rb4 30. Rc1 Kf8 31. f4 f6 32. Kf3 Ke7 33. Rd2 Rc5 34. fxe5 fxe5 35. h3 Rxa4 36. Bxb3 Rb4 37. Ba2 Bxb2 38. d6+ Kd7 39. Rxc4 Rcxc4 40. Bxc4 Rxc4 41. Rxb2 Kxd6 42. Rb7 Rc7 43. Rb6+ Rc6 44. Rb7 Rc7 1/2-1/2

[Event "Edmonton op 11th"]
[Site "Edmonton"]
[Date "2016.06.26"]
[Round "4"]
[White "Zeggelaar, Mike"]
[Black "Briones, Dante"]
[Result "0-1"]
[WhiteElo "1980"]
[BlackElo "1965"]
[PlyCount "82"]
[EventDate "2016.06.24"]
[EventType "swiss"]
[EventRounds "5"]
[EventCountry "CAN"]
[SourceTitle "EXT 2017"]
[Source "ChessBase"]
[SourceDate "2016.10.25"]
[SourceVersion "1"]
[SourceVersionDate "2016.10.25"]
[SourceQuality "1"]

1. Nf3 d5 2. d4 Nf6 3. c4 c6 4. Nc3 g6 5. Bf4 Bg7 6. e3 0-0 7. Be2 Qb6 8. Qb3 dxc4 9. Bxc4 Qxb3 10. Bxb3 Nbd7 11. h3 h6 12. 0-0 b6 13. Rfd1 Bb7 14. Ne5 e6 15. Rac1 Rac8 16. Nxg6 fxg6 17. Bxe6+ Kh8 18. Bd6 Rfd8 19. Bf7 Nf8 20. Bxf8 Bxf8 21. Bxg6 c5 22. Bf5 Rb8 23. Ne2 Bd6 24. dxc5 Bxc5 25. Nf4 Rxd1+ 26. Rxd1 Rg8 27. Ng6+ Kg7 28. Nf4 Be7 29. Rc1 Bd6 30. g3 Kf8 31. Ne6+ Ke7 32. Nc7 Bc5 33. Ne6 Rxg3+ 34. Kf1 Ba6+ 35. Ke1 Rg1+ 36. Kd2 Bb4+ 37. Kc2 Rg2 38. Kb3 Bd6 39. Rc2 Bb7 40. Nc7 a6 41. Ne6 Bd5+ 0-1

[Event "Edmonton op 11th"]
[Site "Edmonton"]
[Date "2016.06.24"]
[Round "1"]
[White "Zeggelaar, Mike"]
[Black "Koperski, Dustin"]
[Result "1-0"]
[WhiteElo "1980"]
[BlackElo "1694"]
[PlyCount "85"]
[EventDate "2016.06.24"]
[EventType "swiss"]
[EventRounds "5"]
[EventCountry "CAN"]
[SourceTitle "EXT 2017"]
[Source "ChessBase"]
[SourceDate "2016.10.25"]
[SourceVersion "1"]
[SourceVersionDate "2016.10.25"]
[SourceQuality "1"]

1. e4 c5 2. b4 b6 3. Bb2 Bb7 4. Qg4 Nf6 5. Bxf6 exf6 6. Nf3 Qe7 7. Bd3 f5 8. Qxf5 g6 9. Qf4 Bg7 10. Nc3 cxb4 11. Nb5 0-0 12. Rb1 Na6 13. Qd6 Rfe8 14. Qxe7 Rxe7 15. Nd6 Bxe4 16. Bxe4 f5 17. 0-0 fxe4 18. Rfe1 Re6 19. Nxe4 Rae8 20. Nd6 Rxe1+ 21. Rxe1 Rxe1+ 22. Nxe1 Nc5 23. Nc8 Ne4 24. Nf3 Bh6 25. Nxa7 Bxd2 26. Nc8 Bh6 27. Nxb6 Nc3 28. Nxd7 Nxa2 29. Kf1 Nc3 30. Nfe5 Bc1 31. f3 Kg7 32. Nd3 Nd5 33. Nxc1 Ne3+ 34. Kf2 Nxc2 35. Nb3 Kf7 36. Ke2 Ke7 37. Kd2 Na3 38. Ne5 Kd6 39. Nd3 Nc4+ 40. Ke2 Ke6 41. Nxb4 Kf5 42. Nd5 h5 43. Ne3+ 1-0

[Event "Lethbridge op"]
[Site "Lethbridge"]
[Date "2016.04.02"]
[Round "3"]
[White "Findlay, Ian T"]
[Black "Zeggelaar, Mike"]
[Result "1-0"]
[WhiteElo "2244"]
[BlackElo "1983"]
[PlyCount "57"]
[EventDate "2016.04.02"]
[EventType "swiss"]
[EventRounds "5"]
[EventCountry "CAN"]
[SourceTitle "EXT 2017"]
[Source "ChessBase"]
[SourceDate "2016.10.25"]
[SourceVersion "1"]
[SourceVersionDate "2016.10.25"]
[SourceQuality "1"]

1. e4 c5 2. Nf3 d6 3. d4 cxd4 4. Nxd4 Nf6 5. Nc3 g6 6. Be3 Bg7 7. f3 0-0 8. Qd2 Nc6 9. 0-0-0 d5 10. exd5 Nxd5 11. Nxc6 bxc6 12. Bd4 e5 13. Bc5 Be6 14. Ne4 Re8 15. g4 Qc7 16. h4 a5 17. h5 Nb4 18. a3 Red8 19. Bd6 Na2+ 20. Kb1 Qb6 21. c4 Rab8 22. Rh2 f5 23. gxf5 gxf5 24. Rg2 fxe4 25. Rxg7+ Kxg7 26. Qg5+ Kf7 27. Qe7+ Kg8 28. Qxe6+ Kg7 29. h6+ 1-0

[Event "Alberta-chB"]
[Site "Edmonton"]
[Date "2016.03.26"]
[Round "2"]
[White "Usselman, Paul"]
[Black "Zeggelaar, Mike"]
[Result "1/2-1/2"]
[WhiteElo "1811"]
[BlackElo "1989"]
[PlyCount "74"]
[EventDate "2016.03.26"]
[EventType "swiss"]
[EventRounds "5"]
[EventCountry "CAN"]
[SourceTitle "EXT 2017"]
[Source "ChessBase"]
[SourceDate "2016.10.25"]
[SourceVersion "1"]
[SourceVersionDate "2016.10.25"]
[SourceQuality "1"]

1. Nf3 Nf6 2. c4 g6 3. Nc3 Bg7 4. e4 d6 5. d4 0-0 6. h3 c5 7. d5 Na6 8. Bd3 Nc7 9. Be3 Rb8 10. Nd2 e6 11. Qc2 exd5 12. exd5 Nd7 13. 0-0 Ne5 14. Be2 Bf5 15. Nde4 Re8 16. g4 Bxe4 17. Qxe4 Nc6 18. Qd3 Nd4 19. Rfe1 Qh4 20. Kg2 b5 21. cxb5 Ncxb5 22. Nxb5 Nxb5 23. Bf4 Nd4 24. Bxd6 Rxb2 25. Bg3 Nxe2 26. Rxe2 Rexe2 27. Bxh4 Rbd2 28. Qb1 Bb2 29. a4 c4 30. Ra2 c3 31. Rxb2 cxb2 32. Kf3 Rc2 33. Qd1 Rc1 34. Qxe2 b1Q 35. Qe8+ Kg7 36. Qe5+ Kg8 37. Qe8+ Kg7 1/2-1/2

[Event "Edmonton Newton Memorial"]
[Site "Edmonton"]
[Date "2015.11.07"]
[Round "2"]
[White "Briones, Dante"]
[Black "Zeggelaar, Mike"]
[Result "0-1"]
[WhiteElo "1944"]
[BlackElo "1917"]
[PlyCount "48"]
[EventDate "2015.11.06"]
[EventType "tourn"]
[EventRounds "5"]
[EventCountry "CAN"]
[SourceTitle "EXT 2017"]
[Source "ChessBase"]
[SourceDate "2016.10.25"]
[SourceVersion "1"]
[SourceVersionDate "2016.10.25"]
[SourceQuality "1"]

1. e4 c5 2. Nf3 d6 3. d4 cxd4 4. Nxd4 Nf6 5. Nc3 g6 6. f4 Bg7 7. Be2 0-0 8. Be3 Nc6 9. Nb3 a5 10. a4 Be6 11. 0-0 Bxb3 12. cxb3 Rc8 13. Qd2 Nb4 14. Rfd1 Rxc3 15. Qxc3 Nfd5 16. exd5 Bxc3 17. bxc3 Nc2 18. Bd4 Nxa1 19. Rxa1 e5 20. fxe5 dxe5 21. Bc5 Qxd5 22. b4 Rc8 23. Bb6 axb4 24. cxb4 Qd2 0-1

[Event "Battle of Alberta 20th"]
[Site "Red Deer"]
[Date "2015.09.12"]
[Round "1.12"]
[White "Fellah, Mohamed"]
[Black "Zeggelaar, Mike"]
[Result "0-1"]
[WhiteElo "1897"]
[BlackElo "1881"]
[PlyCount "56"]
[EventDate "2015.09.12"]
[EventType "team-match"]
[EventRounds "2"]
[EventCountry "CAN"]
[SourceTitle "EXT 2017"]
[Source "ChessBase"]
[SourceDate "2016.10.25"]
[SourceVersion "1"]
[SourceVersionDate "2016.10.25"]
[SourceQuality "1"]
[WhiteTeam "Alberta South"]
[BlackTeam "Alberta North"]
[WhiteTeamCountry "CAN"]
[BlackTeamCountry "CAN"]

1. e4 c5 2. Nf3 d6 3. d4 cxd4 4. Nxd4 Nf6 5. Nc3 g6 6. f3 Bg7 7. Be3 0-0 8. Qd2 Nc6 9. Bc4 Bd7 10. 0-0-0 Rc8 11. Bb3 Nxd4 12. Bxd4 b5 13. Bxa7 Qa5 14. Bd4 b4 15. Nd5 Nxd5 16. Bxg7 Kxg7 17. exd5 Ba4 18. Qd4+ Kg8 19. Rhe1 Rc7 20. Bxa4 Qxa4 21. c3 Rfc8 22. Rd3 Rc4 23. Qe3 Qxa2 24. Re2 Qa1+ 25. Kd2 bxc3+ 26. bxc3 Ra8 27. Qxe7 Ra2+ 28. Ke3 Qg1+ 0-1

[Event "Lethbridge op"]
[Site "Lethbridge"]
[Date "2015.04.11"]
[Round "1"]
[White "Mikusek, Jerry"]
[Black "Zeggelaar, Mike"]
[Result "0-1"]
[WhiteElo "1518"]
[BlackElo "1927"]
[PlyCount "50"]
[EventDate "2015.04.11"]
[EventType "swiss"]
[EventRounds "5"]
[EventCountry "CAN"]
[SourceTitle "EXT 2017"]
[Source "ChessBase"]
[SourceDate "2016.10.25"]
[SourceVersion "1"]
[SourceVersionDate "2016.10.25"]
[SourceQuality "1"]

1. d4 Nf6 2. Bf4 g6 3. e3 Bg7 4. c4 0-0 5. Nc3 c6 6. b4 d6 7. Nf3 Nfd7 8. Bd3 e5 9. dxe5 dxe5 10. Bg5 f6 11. Bh4 g5 12. Bg3 f5 13. Qc2 e4 14. Nxe4 Bxa1 15. Nexg5 Qf6 16. Ke2 Be5 17. Bh4 Qg6 18. c5 Bg7 19. g4 Nf6 20. Ne5 Qh6 21. Qc4+ Nd5 22. gxf5 Bxf5 23. Rg1 Bxd3+ 24. Qxd3 Qxh4 25. Ngf7 Rxf7 0-1

[Event "Alberta-ch Reserves"]
[Site "Calgary"]
[Date "2015.04.04"]
[Round "2.3"]
[White "Fellah, Mohamed Amine"]
[Black "Zeggelaar, Mike"]
[Result "1/2-1/2"]
[WhiteElo "1902"]
[BlackElo "1969"]
[PlyCount "38"]
[EventDate "2015.04.04"]
[EventType "swiss"]
[EventRounds "5"]
[EventCountry "CAN"]
[SourceTitle "EXT 2019"]
[Source "ChessBase"]
[SourceDate "2018.10.10"]
[SourceVersion "1"]
[SourceVersionDate "2018.10.10"]
[SourceQuality "1"]

1. e4 e6 2. d4 d5 3. Nc3 Nf6 4. e5 Nfd7 5. f4 c5 6. Nf3 Nc6 7. Be3 Be7 8. Qd2 a6 9. dxc5 Nxc5 10. Qf2 Qa5 11. Bd2 Qb6 12. Be2 Qxb2 13. 0-0 Qxc2 14. Rfc1 Qg6 15. Be3 Nd3 16. Bxd3 Qxd3 17. Na4 0-0 18. Nb6 Rb8 19. Nd4 Bd8 1/2-1/2

[Event "Northern Alberta op"]
[Site "Edmonton"]
[Date "2015.02.14"]
[Round "2"]
[White "Haessel, Dale R"]
[Black "Zeggelaar, Mike"]
[Result "0-1"]
[WhiteElo "2182"]
[BlackElo "1918"]
[PlyCount "68"]
[EventDate "2015.02.14"]
[EventType "swiss"]
[EventRounds "5"]
[EventCountry "CAN"]
[SourceTitle "EXT 2017"]
[Source "ChessBase"]
[SourceDate "2016.10.25"]
[SourceVersion "1"]
[SourceVersionDate "2016.10.25"]
[SourceQuality "1"]

1. d4 Nf6 2. c4 c5 3. d5 e6 4. Nc3 exd5 5. cxd5 d6 6. Nf3 g6 7. Bf4 Be7 8. h3 0-0 9. e3 Re8 10. Be2 b6 11. a4 Na6 12. Nd2 Nb4 13. e4 a6 14. 0-0 Bf8 15. Re1 Rb8 16. Bf1 Nh5 17. Bh2 Bh6 18. g3 Qf6 19. Nc4 b5 20. axb5 axb5 21. Na3 c4 22. Naxb5 Nd3 23. Bxd3 cxd3 24. Qxd3 Bxh3 25. Ra6 Bd2 26. Rxd6 Bxe1 27. Rxf6 Nxf6 28. g4 Nxg4 29. Bxb8 Bxf2+ 30. Kh1 Ne3 31. Ba7 Bf1 32. Qb1 Re5 33. Bb8 Rh5+ 34. Bh2 Bg2# 0-1

[Event "Calgary Alberta op"]
[Site "Calgary"]
[Date "2014.10.11"]
[Round "2.7"]
[White "Miller, David"]
[Black "Zeggelaar, Mike"]
[Result "1-0"]
[WhiteElo "2240"]
[BlackElo "2008"]
[PlyCount "40"]
[EventDate "2014.10.11"]
[EventType "swiss"]
[EventRounds "6"]
[EventCountry "CAN"]
[SourceTitle "EXT 2022"]
[Source "ChessBase"]
[SourceDate "2021.10.06"]
[SourceVersion "1"]
[SourceVersionDate "2021.10.06"]
[SourceQuality "1"]

1. e4 c5 2. Nf3 d6 3. d4 cxd4 4. Nxd4 Nf6 5. Nc3 g6 6. Be3 a6 7. f3 Bg7 8. Qd2 Nbd7 9. Be2 Qc7 10. a4 b6 11. Nd5 Nxd5 12. exd5 Bb7 13. c4 Nc5 14. b4 Nd7 15. Rc1 0-0 16. Nb3 Rac8 17. 0-0 Nf6 18. a5 bxa5 19. Nxa5 Rb8 20. Rfd1 Rfc8 1-0

[Event "Medicine Hat op"]
[Site "Medicine Hat"]
[Date "2014.09.20"]
[Round "3.3"]
[White "Anderson, Mark C"]
[Black "Zeggelaar, Mike"]
[Result "0-1"]
[WhiteElo "1714"]
[BlackElo "2019"]
[PlyCount "152"]
[EventDate "2014.09.20"]
[EventType "swiss"]
[EventRounds "5"]
[EventCountry "CAN"]
[SourceTitle "EXT 2022"]
[Source "ChessBase"]
[SourceDate "2021.10.06"]
[SourceVersion "1"]
[SourceVersionDate "2021.10.06"]
[SourceQuality "1"]

1. d4 Nf6 2. c4 c5 3. d5 e6 4. Nc3 exd5 5. Nxd5 Nxd5 6. Qxd5 Nc6 7. Bd2 Be7 8. Nf3 d6 9. Bc3 Be6 10. Qe4 Qd7 11. Qd3 Bf5 12. e4 Bg4 13. Be2 0-0 14. 0-0 a5 15. Rad1 f6 16. Ne1 Be6 17. a3 a4 18. f4 Qc7 19. Nc2 Na5 20. Ne3 Nc6 21. Rf3 Rad8 22. Qc2 Ra8 23. Rg3 b5 24. Nd5 Bxd5 25. Rxd5 b4 26. Be1 Nd4 27. Qd1 bxa3 28. bxa3 Rab8 29. Bc3 Nxe2+ 30. Qxe2 Rb1+ 31. Rd1 Rxd1+ 32. Qxd1 Qc6 33. Qg4 Rf7 34. Qe6 Qb7 35. h4 Qb3 36. Kh2 Qd1 37. Ba5 Qh5 38. Qg4 Qxg4 39. Rxg4 Rf8 40. Rg3 Rb8 41. Bc7 Rb7 42. Ba5 h5 43. f5 d5 44. Rc3 d4 45. Rf3 Bd6+ 46. Kg1 Kf7 47. Bd2 Rb3 48. Ba5 Rxf3 49. gxf3 Ke7 50. Kf2 Kd7 51. Bd2 Bc7 52. f4 Kd6 53. e5+ fxe5 54. Kf3 exf4 55. Kxf4 Bd8 56. Be1 Bf6 57. Ke4 Be5 58. Kd3 Bh2 59. Bd2 Ke5 60. Bg5 Kd6 61. Bd2 Bg3 62. Bg5 Be1 63. Bd8 Bc3 64. Kc2 Ke5 65. Be7 Be1 66. Kd1 Bg3 67. Bxc5 Bxh4 68. Ke2 Bf6 69. Kd3 Kxf5 70. Bxd4 Bxd4 71. Kxd4 Ke6 72. Kc5 h4 73. Kb6 h3 74. c5 h2 75. c6 h1Q 76. c7 Qa8 0-1

[Event "Medicine Hat op"]
[Site "Medicine Hat"]
[Date "2014.09.20"]
[Round "2.1"]
[White "Miller, David"]
[Black "Zeggelaar, Mike"]
[Result "1-0"]
[WhiteElo "2249"]
[BlackElo "2019"]
[PlyCount "71"]
[EventDate "2014.09.20"]
[EventType "swiss"]
[EventRounds "5"]
[EventCountry "CAN"]
[SourceTitle "EXT 2022"]
[Source "ChessBase"]
[SourceDate "2021.10.06"]
[SourceVersion "1"]
[SourceVersionDate "2021.10.06"]
[SourceQuality "1"]

1. g3 Nf6 2. Bg2 d5 3. Nf3 c5 4. 0-0 Nc6 5. d3 g6 6. Nbd2 Bg7 7. e4 e5 8. a3 dxe4 9. dxe4 Qe7 10. c3 0-0 11. Qe2 b6 12. a4 Bb7 13. Nc4 Ba6 14. Nfd2 Qe6 15. b3 Na5 16. Rb1 Bh6 17. f4 Nxc4 18. Nxc4 Bxc4 19. bxc4 Bg7 20. f5 Qc6 21. Ra1 Rad8 22. g4 h6 23. h4 h5 24. g5 Ng4 25. f6 Bh8 26. Bf3 Qe6 27. a5 Rd6 28. axb6 axb6 29. Ra7 Rfd8 30. Re7 Qc8 31. Bxg4 hxg4 32. Rxe5 Rd3 33. Re8+ Rxe8 34. Qxd3 Rd8 35. Qe2 Qc7 36. Bf4 1-0